000 02257cam a2200385 i 4500
001 200467523
003 TR-AnTOB
005 20260317095526.0
007 ta
008 260108s2025 tu a $ 03101 $$$tur031tur u
020 _a9786256826618
040 _aTR-AnTOB
_beng
_erda
_cTR-AnTOB
041 0 _atur
_heng
044 _ctu
050 1 4 _aPR6106.E34427
_bB4319 2025
090 0 0 _aPR6106.E34427
_bB4319 2025
100 1 _aFeeney, Alice
_9152975
_eauthor
240 1 0 _aBeautiful ugly.
_lTurkish.
245 1 0 _aGüzel çirkin /
_cAlice Feeney ; çeviren Kemal Tokgöz
250 _a2. baskı Aralık 2025
264 1 _aİstanbul :
_bYabancı Yayınları,
_c2025.
300 _a312 pages :
_bmap ;
_c21 cm
336 _atext
_btxt
_2rdacontent
337 _aunmediated
_bn
_2rdamedia
338 _avolume
_bnc
_2rdacarrier
490 0 _aYabancı Yayınları ;
_v546
500 _aÖn kapak: "Taş Kağıt Makas’ın Çok Satan Yazarından."
500 _aArka kapak: "EVLİLİK VE İNTİKAM ÜZERİNE KARANLIK BİR HİKÂYE…
500 _aYazar Grady Green, eşi Abby’nin arabasını uçurumun kena­rında bulduğunda farları hâlâ yanıyordu, sürücü kapısı açıktı ve Abby’nin telefonu içerideydi. Ama ondan hiçbir iz yoktu. Abby’nin ortadan kaybolmasının üzerinden bir yıl geçmişti. Grady, eşine ne olduğunu öğrenmek için umutsuzca çabala­mış ama tüm çabaları sonuçsuz kalmıştı. Hâlâ keder içinde eşinin yasını tutmaktan başka yapacak hiçbir şeyi yoktu. Ancak bir an önce yazarlığa geri dönmesi gerekiyordu. Böylece Grady, küçük bir İskoç adasında inzivaya çekilip yeni kitabını yazmaya karar verdi. Amacı şehirdeki tüm karmaşadan uzakta kalıp bu izole adada biraz huzur bulmaktı. Ancak adaya giden feribotta Abby’ye çok benzeyen bir kadını gördüğünde bu adanın düşündüğün­den çok daha farklı bir yer olduğunu anlayacaktı. Grady, hayalle gerçek arasında sıkışıp kaldığı, karanlık sırlarla dolu bir dünyaya adım atmıştı. Ve artık her şey için çok geçti."
650 7 _aİngiliz romanı
_2etuturkob
_96057
700 1 _aTokgöz, Kemal
_etranslator
_9152976
902 _a060659
942 _2lcc
_cBK
999 _c200467523
_d85735